| 000 | 00465nam a2200133Ia 4500 | ||
|---|---|---|---|
| 008 | 231129s9999||||xx |||||||||||||| ||spa|| | ||
| 020 | _a84-7628-012-2 | ||
| 040 | _bspa | ||
| 082 | _a946.063 R425y | ||
| 100 | _aRaparaz Carmen de | ||
| 245 | 0 | _aYo Solo : Bernardo de Galvez y la toma de Panzacola en 1781. Una contribucion espanola a la independencia delos Estados Unidos | |
| 264 | _aEdiciones del Serbal | ||
| 942 |
_2ddc _cBKS |
||
| 999 |
_c26520 _d26520 |
||